Music Quiz

Random Music or Numbers Quiz

UK Number One Singles 1981 Quiz Stats

 Plays Quiz not verified by Sporcle

Challenge
Share
Tweet
Embed
Score 0/19 Timer 05:00
0 Plays Today
Track Title Artist % Correct
ImagineJohn Lennon
99.1%
Tainted LoveSoft Cell
93.5%
WomanJohn Lennon
88.8%
Stand And DeliverAdam And The Ants
86.4%
Every Little Thing She Does Is MagicPolice
86.4%
Prince CharmingAdam And The Ants
85%
Don't You Want Me?Human League
82.7%
Making your Mind UpBucks Fizz
80.8%
This Ole HouseShakin' Stevens
80.4%
Ghost TownThe Specials
77.1%
Track Title Artist % Correct
Under PressureQueen And David Bowie
77.1%
Green DoorShakin' Stevens
74.3%
Jealous GuyRoxy Music
72%
Shaddap You FaceJoe Dolce Music Theatre
71.5%
One Day In Your LifeMichael Jackson
60.7%
Japanese BoyAneka
48.6%
Being With YouSmokey Robinson
44.9%
Begin The BeguineJulio Iglesias
43%
It's My PartyDave Stewart And Barbara Gaskin
23.8%

You're not logged in!

Compare scores with friends on all Sporcle quizzes.
OR
Log In

You Might Also Like...

Show Comments

Extras

Top Quizzes Today


Score Distribution

Your Account Isn't Verified!

In order to create a playlist on Sporcle, you need to verify the email address you used during registration. Go to your Sporcle Settings to finish the process.

Report this User

Report this user for behavior that violates our Community Guidelines.

Details: